Ensayos de economía macrodinámica / (Registro nro. 8739)

Detalles MARC
000 -LEADER
fixed length control field 00949nam a2200253Ia 4500
003 - CONTROL NUMBER IDENTIFIER
control field OSt
005 - DATE AND TIME OF LATEST TRANSACTION
control field 20220103153843.0
008 - FIXED-LENGTH DATA ELEMENTS--GENERAL INFORMATION
fixed length control field 210310s1977 ag fr 000 0 spa d
040 ## - CATALOGING SOURCE
Original cataloging agency CO-JMCR
Transcribing agency CO-JMCR
041 1# - LANGUAGE CODE
Language code of text/sound track or separate title spa
Language code of original eng
082 04 - DEWEY DECIMAL CLASSIFICATION NUMBER
Classification number 338.9001 /
Item number K968e
Edition number 23
100 1# - MAIN ENTRY--PERSONAL NAME
Personal name Kurihara, Kenneth K.,
9 (RLIN) 18146
Relator term autor
245 10 - TITLE STATEMENT
Title Ensayos de economía macrodinámica /
Statement of responsibility, etc. Kenneth K. Kurihara ; [traducción de Eduardo L. Suárez]
250 ## - EDITION STATEMENT
Edition statement Primera edición
260 ## - PUBLICATION, DISTRIBUTION, ETC.
Place of publication, distribution, etc. Buenos Aires :
Name of publisher, distributor, etc. Fondo de Cultura Económica,
Date of publication, distribution, etc. 1977
300 ## - PHYSICAL DESCRIPTION
Extent 188 páginas ;
Dimensions 21 cm.
490 0# - SERIES STATEMENT
Series statement Sección de Obras de Economía
500 ## - GENERAL NOTE
General note Título original: Essays in macro-dynamics economics
505 0# - FORMATTED CONTENTS NOTE
Formatted contents note La dinámica Keynesiana en perspectiva -- Análisis y política macroeconómica
546 ## - LANGUAGE NOTE
Language note Traducido del inglés.
650 14 - SUBJECT ADDED ENTRY--TOPICAL TERM
Topical term or geographic name entry element Economía
9 (RLIN) 18148
General subdivision Ensayos, conferencias, etc.
700 1# - ADDED ENTRY--PERSONAL NAME
Personal name Suárez, Eduardo L.,
Relator term traductor
9 (RLIN) 4465
942 ## - ADDED ENTRY ELEMENTS (KOHA)
Source of classification or shelving scheme Dewey Decimal Classification
Koha item type Books
Existencias
Withdrawn status Lost status Source of classification or shelving scheme Damaged status Not for loan Collection code Home library Current library Date acquired Source of acquisition Full call number Barcode Date last seen Copy number Koha item type
    Dewey Decimal Classification     Non-fiction Biblioteca Pública José María del Castillo y Rada Biblioteca Pública José María del Castillo y Rada 04/15/2018 Donación 338.9001 / K968e 430004202 05/16/2024 Ej.1 Books